000 00655na a2200265 4500
001 13848
003 MIRAKIL
005 20181213154806.0
008 161025b tu 000 0
020 _a9758295322
035 _a13848
040 _aMilas
_btur
_cTR-AnCHP
041 _atur
082 _a102
_bF24s 1999/3
090 _a102 F24s 1999/3
130 _aFelsefelogos
245 _aSavaşın felsefesi
260 _aİstanbul
_bBulut yayınları
_c1999
300 _a176 s.
_c21 sm.
310 _aÜç aylık
490 _aFelsefelogos
_vYıl 2, Sayı 8, Ekim1999
650 _aSavaş (Felsefe)
650 _aFelsefe
942 _2ddc
_cBKS
999 _c944
_d944